Countries of the world by their coat of arms #1 - Statistics

General Stats
  • This quiz has been taken 7 times
  • The average score is 14 of 16
Answer Stats
Picture Answer % Correct
Argentina
100%
Egypt
100%
France
100%
Hungary
100%
Mexico
100%
South Korea
100%
Spain
100%
Tunisia
100%
Canada
86%
Poland
86%
Ukraine
86%
United Kingdom
86%
Finland
57%
Japan
57%
Nigeria
57%
South Africa
57%
No matching quizzes found
Score Distribution
Percent of People with Each Score
Percentile by Number Answered
Your Score History
You have not taken this quiz